01398nam a2200349Ia 4500001001200000003000800012006001900020007001500039008004100054010001700095020001500112020001500127020001800142020001800160020001800178040002100196035002100217050002300238082001400261245016100275260007400436300004300510504005100553533015200604650003000756650002500786655002900811700003200840700003300872710001700905856012600922ebr10510712CaPaEBRm u cr cn|||||||||101028s2011 enkab sb 101 0 eng d z 2010046377 z1405193379 z1405193387 z9781405193375 z9781405193382 z9781444329964 aCaPaEBRcCaPaEBR a(OCoLC)76918934114aQE514b.F75 2011eb04a551.922200aFrontiers in geochemistryh[electronic resource] :bcontribution of geochemistry to the study of the earth /cedited by Russell S. Harmon and Andrew Parker. aChichester, West Sussex, UK ;aHoboken, NJ :bWiley-Blackwell,c2011. axii, 263 p. :bill. (some col.), maps. aIncludes bibliographical references and index. aElectronic reproduction.bPalo Alto, Calif. :cebrary,d2011.nAvailable via World Wide Web.nAccess may be limited to ebrary affiliated libraries. 0aGeochemistryvCongresses. 0aGeology, Structural. 7aElectronic books.2local1 aHarmon, R. S.q(Russell S.)1 aParker, A.q(Andrew),d1941-2 aebrary, Inc.40uhttp://site.ebrary.com/lib/rucke/Doc?id=10510712zAn electronic book accessible through the World Wide Web; click to view